000 00574nam a2200229Ia 4500
003 OSt
005 20221005132934.0
006 a|||||r|||| 00| 0
007 ta
008 221004b |||||||| |||| 00| 0 kan d
024 _a60937
037 _cTextual
040 _aCRL
_cCRL
_bkan
041 _2kan
_akan
082 _aO33,3NRA9x, K7
100 _aIyenger Ramaswami Au.
_9641857
245 0 _aVayyari
260 _c1967
650 _aKANNAD FICTION
942 _hO33,3NRA9x, K7
_cTEXL
_2cc
999 _c1065230
_d1065230